|
|
|
|
| LEADER |
00000nab a2200000 a 4500 |
| 001 |
vtls000416482 |
| 003 |
SK-MaSNL |
| 005 |
20260302234826.0 |
| 008 |
160201c1989 xo 0 cze |
| 015 |
|
|
|a SNBRA19rr/mm-uuuuu
|
| 035 |
|
|
|a CL0416607
|
| 040 |
|
|
|a SNKBUCL
|b slo
|c SNKBUCL
|e AACR2
|
| 041 |
0 |
|
|a slo
|
| 044 |
|
|
|a xo
|c SK
|
| 080 |
|
|
|a 677.07:645.4:684.73/.74
|2 1981
|
| 080 |
|
|
|a 645.4
|2 1981
|
| 080 |
|
|
|a 684.73/.74
|2 1981
|
| 100 |
1 |
|
|a Kadlecová, Dana
|4 aut
|9 970660
|
| 245 |
1 |
0 |
|a Potřeba čalounických materiálů a nových typů potahových textilií ve vztahu k inovaci nábytku
|c Dana Kadlecová
|
| 650 |
0 |
7 |
|a bytové textílie
|2 SNKPH
|9 3743
|
| 650 |
0 |
7 |
|a čalúnnické materiály
|2 SNKPH
|9 970661
|
| 650 |
0 |
7 |
|a poťahové textílie
|2 SNK
|9 970662
|
| 655 |
|
7 |
|a články zo zborníkov
|2 SNKPH
|9 166140
|
| 773 |
0 |
|
|t Nová technika a nové smery vo výrobe bytového textilu
|d Žilina : Dom techniky ČSVTS, 1989
|
| 850 |
|
|
|a Slovenská národná knižnica v Martine
|a MTA001
|
| 852 |
|
|
|a SNK
|b KIS3GCP
|
| 958 |
|
|
|a RK
|
| 958 |
|
|
|a CZ
|
| 992 |
|
|
|a RZB
|
| 999 |
|
|
|c 1552049
|d 1553979
|